Alle Städte in Baden-Württemberg - Statistiken

Allgemein
  • Dieses Quiz wurde 282 mal gespielt
  • Das Durchschnittsergebnis liegt bei 86 aus 314
Antwortstatistiken
Kreis Einwohner Stadt % Korrekt
kreisfrei 635.911 Stuttgart
94%
kreisfrei 312.060 Karlsruhe
93%
Ludwigsburg 15.924 Freiberg am Neckar
92%
kreisfrei 231.195 Freiburg im Breisgau
92%
kreisfrei 310.658 Mannheim
90%
kreisfrei 126.790 Ulm
90%
kreisfrei 161.485 Heidelberg
89%
kreisfrei 126.592 Heilbronn
89%
Konstanz 84.911 Konstanz
89%
Reutlingen 115.865 Reutlingen
88%
kreisfrei 55.185 Baden-Baden
85%
kreisfrei 125.957 Pforzheim
85%
Tübingen 91.506 Tübingen
85%
Heidenheim 49.573 Heidenheim an der Brenz
84%
Esslingen 94.145 Esslingen am Neckar
83%
Ravensburg 50.897 Ravensburg
83%
Lörrach 49.291 Lörrach
82%
Ludwigsburg 93.584 Ludwigsburg
82%
Bodenseekreis 61.283 Friedrichshafen
81%
Göppingen 57.813 Göppingen
81%
Rastatt 49.918 Rastatt
81%
Rottweil 25.182 Rottweil
81%
Biberach 33.265 Biberach an der Riß
80%
Calw 23.578 Calw
80%
Schwäbisch Hall 40.538 Schwäbisch Hall
80%
Böblingen 50.161 Böblingen
79%
Emmendingen 27.977 Emmendingen
78%
Tuttlingen 36.102 Tuttlingen
78%
Freudenstadt 23.635 Freudenstadt
76%
Sigmaringen 17.125 Sigmaringen
76%
Schwarzwald-Baar-Kreis 85.707 Villingen-Schwenningen
74%
Ostalbkreis 61.137 Schwäbisch Gmünd
71%
Ortenaukreis 59.967 Offenburg
70%
Waldshut 24.202 Waldshut-Tiengen
70%
Ostalbkreis 68.393 Aalen
66%
Böblingen 64.905 Sindelfingen
65%
Konstanz 47.643 Singen (Hohentwiel)
65%
Rhein-Neckar-Kreis 35.399 Sinsheim
64%
Rems-Murr-Kreis 55.604 Waiblingen
59%
Schwäbisch Hall 34.536 Crailsheim
56%
Zollernalbkreis 34.332 Balingen
55%
Böblingen 48.848 Leonberg
55%
Lörrach 30.150 Weil am Rhein
55%
Böblingen 19.220 Weil der Stadt
55%
Ludwigsburg 43.227 Bietigheim-Bissingen
54%
Ortenaukreis 36.664 Kehl
54%
Karlsruhe 44.776 Bruchsal
53%
Esslingen 40.783 Kirchheim unter Teck
53%
Ortenaukreis 47.201 Lahr/Schwarzwald
52%
Esslingen 41.223 Nürtingen
52%
Bodenseekreis 22.475 Überlingen
52%
Rems-Murr-Kreis 37.348 Backnang
51%
Breisgau-Hochschwarzwald 12.197 Titisee-Neustadt
50%
Ludwigsburg 29.547 Vaihingen an der Enz
50%
Zollernalbkreis 45.465 Albstadt
49%
Zollernalbkreis 5.903 Geislingen
49%
Göppingen 28.328 Geislingen an der Steige
49%
Tübingen 43.843 Rottenburg am Neckar
49%
Schwarzwald-Baar-Kreis 22.118 Donaueschingen
48%
Main-Tauber-Kreis 23.883 Bad Mergentheim
47%
Heilbronn 26.528 Neckarsulm
47%
Karlsruhe 39.373 Ettlingen
45%
Rems-Murr-Kreis 45.669 Fellbach
45%
Esslingen 46.083 Filderstadt
45%
Main-Tauber-Kreis 13.172 Tauberbischofsheim
45%
Freudenstadt 25.082 Horb am Neckar
44%
Rems-Murr-Kreis 28.240 Winnenden
44%
Alb-Donau-Kreis 26.293 Ehingen (Donau)
43%
Rhein-Neckar-Kreis 45.425 Weinheim
43%
Konstanz 31.496 Radolfzell am Bodensee
42%
Karlsruhe 29.566 Bretten
41%
Neckar-Odenwald-Kreis 23.497 Mosbach
41%
Esslingen 14.551 Plochingen
40%
Böblingen 31.738 Herrenberg
39%
Reutlingen 22.069 Metzingen
39%
Rems-Murr-Kreis 39.775 Schorndorf
39%
Esslingen 40.165 Leinfelden-Echterdingen
38%
Rastatt 28.864 Bühl
37%
Hohenlohekreis 24.663 Öhringen
37%
Esslingen 39.312 Ostfildern
36%
Ravensburg 25.155 Weingarten
36%
Konstanz 2.295 Aach
35%
Heilbronn 21.557 Bad Rappenau
35%
Rhein-Neckar-Kreis 21.700 Hockenheim
35%
Ludwigsburg 33.825 Kornwestheim
35%
Bodenseekreis 6.044 Meersburg
35%
Main-Tauber-Kreis 22.832 Wertheim
35%
Calw 22.540 Nagold
34%
Sigmaringen 17.458 Bad Saulgau
33%
Hohenlohekreis 15.450 Künzelsau
33%
Ravensburg 26.917 Wangen im Allgäu
33%
Ostalbkreis 24.549 Ellwangen (Jagst)
32%
Ravensburg 14.191 Isny im Allgäu
32%
Reutlingen 12.530 Bad Urach
31%
Bodenseekreis 19.437 Tettnang
31%
Ortenaukreis 25.642 Achern
30%
Ravensburg 20.149 Bad Waldsee
30%
Calw 10.202 Bad Wildbad
30%
Breisgau-Hochschwarzwald 15.488 Breisach am Rhein
30%
Enzkreis 26.130 Mühlacker
30%
Rhein-Neckar-Kreis 21.644 Schwetzingen
30%
Alb-Donau-Kreis 12.422 Blaubeuren
29%
Ludwigsburg 24.870 Ditzingen
29%
Zollernalbkreis 19.259 Hechingen
29%
Rhein-Neckar-Kreis 27.044 Leimen
29%
Ludwigsburg 26.539 Remseck am Neckar
29%
Rottweil 12.394 Sulz am Neckar
29%
Rhein-Neckar-Kreis 26.799 Wiesloch
29%
Heidenheim 19.760 Giengen an der Brenz
28%
Heilbronn 11.831 Lauffen am Neckar
28%
Ludwigsburg 15.924 Marbach am Neckar
28%
Reutlingen 18.657 Pfullingen
28%
Lörrach 33.083 Rheinfelden (Baden)
28%
Rhein-Neckar-Kreis 15.420 Walldorf
28%
Heilbronn 21.784 Eppingen
27%
Rastatt 29.884 Gaggenau
27%
Ravensburg 22.939 Leutkirch im Allgäu
26%
Sigmaringen 13.446 Pfullendorf
26%
Rems-Murr-Kreis 27.082 Weinstadt
25%
Reutlingen 14.392 Münsingen
24%
Esslingen 16.227 Wendlingen am Neckar
24%
Calw 8.000 Bad Herrenalb
23%
Main-Tauber-Kreis 14.493 Lauda-Königshofen
23%
Tübingen 20.455 Mössingen
23%
Konstanz 17.183 Stockach
23%
Heilbronn 19.349 Bad Friedrichshall
22%
Breisgau-Hochschwarzwald 20.377 Bad Krozingen
22%
Heilbronn 7.225 Bad Wimpfen
22%
Neckar-Odenwald-Kreis 17.772 Buchen (Odenwald)
22%
Biberach 10.580 Riedlingen
22%
Karlsruhe 24.788 Stutensee
22%
Ravensburg 10.130 Aulendorf
21%
Ludwigsburg 19.817 Gerlingen
21%
Böblingen 18.487 Renningen
21%
Karlsruhe 20.206 Rheinstetten
21%
Rottweil 21.148 Schramberg
21%
Emmendingen 21.850 Waldkirch
21%
Schwarzwald-Baar-Kreis 13.292 Bad Dürrheim
20%
Waldshut 17.508 Bad Säckingen
20%
Biberach 8.808 Bad Schussenried
20%
Göppingen 21.124 Eislingen/Fils
20%
Biberach 22.429 Laupheim
20%
Heilbronn 12.285 Weinsberg
20%
Ravensburg 14.607 Bad Wurzach
19%
Ludwigsburg 12.711 Besigheim
19%
Schwäbisch Hall 12.058 Gaildorf
19%
Ludwigsburg 19.718 Korntal-Münchingen
19%
Ostalbkreis 10.964 Lorch
19%
Rottweil 14.077 Oberndorf am Neckar
19%
Tuttlingen 13.063 Spaichingen
19%
Schwarzwald-Baar-Kreis 4.727 Triberg im Schwarzwald
19%
Neckar-Odenwald-Kreis 11.611 Walldürn
19%
Calw 9.582 Bad Liebenzell
18%
Alb-Donau-Kreis 16.296 Blaustein
18%
Konstanz 10.738 Engen
18%
Schwarzwald-Baar-Kreis 8.984 Furtwangen im Schwarzwald
18%
Bodenseekreis 14.170 Markdorf
18%
Göppingen 10.159 Süßen
18%
Ortenaukreis 8.130 Zell am Harmersbach
18%
Lörrach 6.290 Zell im Wiesental
18%
Enzkreis 6.616 Maulbronn
17%
Rems-Murr-Kreis 14.031 Murrhardt
17%
Karlsruhe 20.950 Waghäusel
17%
Rems-Murr-Kreis 11.170 Welzheim
17%
Ortenaukreis 5.785 Wolfach
17%
Ludwigsburg 13.502 Asperg
16%
Waldshut 6.939 Bonndorf im Schwarzwald
16%
Zollernalbkreis 12.206 Burladingen
16%
Ortenaukreis 11.025 Gengenbach
16%
Alb-Donau-Kreis 11.798 Laichingen
16%
Rhein-Neckar-Kreis 13.344 Neckargemünd
16%
Ortenaukreis 20.036 Oberkirch
16%
Calw 3.147 Bad Teinach-Zavelstein
15%
Schwarzwald-Baar-Kreis 10.063 Blumberg
15%
Main-Tauber-Kreis 4.681 Creglingen
15%
Rhein-Neckar-Kreis 14.428 Eberbach
15%
Alb-Donau-Kreis 13.684 Erbach
15%
Alb-Donau-Kreis 15.343 Langenau
15%
Breisgau-Hochschwarzwald 7.617 Löffingen
15%
Breisgau-Hochschwarzwald 19.077 Müllheim
15%
Esslingen 3.407 Owen
15%
Karlsruhe 13.627 Philippsburg
15%
Lörrach 19.573 Schopfheim
15%
Schwarzwald-Baar-Kreis 12.945 St. Georgen im Schwarzwald
15%
Lörrach 4.849 Todtnau
15%
Freudenstadt 6.296 Alpirsbach
14%
Calw 10.834 Altensteig
14%
Göppingen 15.562 Ebersbach an der Fils
14%
Ortenaukreis 7.164 Haslach im Kinzigtal
14%
Böblingen 13.247 Holzgerlingen
14%
Emmendingen 10.340 Kenzingen
14%
Schwäbisch Hall 4.417 Kirchberg an der Jagst
14%
Sigmaringen 9.933 Mengen
14%
Tuttlingen 16.856 Trossingen
14%
Göppingen 14.416 Uhingen
14%
Böblingen 8.742 Waldenbuch
14%
Esslingen 12.303 Wernau (Neckar)
14%
Biberach 4.336 Bad Buchau
13%
Freudenstadt 8.040 Dornstetten
13%
Rastatt 14.157 Gernsbach
13%
Zollernalbkreis 10.735 Haigerloch
13%
Enzkreis 5.130 Heimsheim
13%
Heilbronn 8.144 Mockmühl
13%
Enzkreis 8.362 Neuenbürg
13%
Breisgau-Hochschwarzwald 12.273 Neuenburg am Rhein
13%
Neckar-Odenwald-Kreis 6.555 Osterburken
13%
Heilbronn 11.441 Schwaigern
13%
Esslingen 10.326 Weilheim an der Teck
13%
Ostalbkreis 11.701 Bopfingen
12%
Heilbronn 16.147 Brackenheim
12%
Emmendingen 10.068 Endingen am Kaiserstuhl
12%
Ortenaukreis 13.369 Ettenheim
12%
Sigmaringen 6.318 Gammertingen
12%
Heidenheim 13.025 Herbrechtingen
12%
Schwarzwald-Baar-Kreis 7.921 Hüfingen
12%
Rhein-Neckar-Kreis 11.661 Ladenburg
12%
Ortenaukreis 4.722 Oppenau
12%
Ludwigsburg 18.961 Sachsenheim
12%
Ludwigsburg 12.139 Steinheim an der Murr
12%
Hohenlohekreis 3.090 Waldenburg
12%
Calw 10.212 Wildberg
12%
Emmendingen 7.274 Elzach
11%
Schwäbisch Hall 4.272 Gerabronn
11%
Ludwigsburg 8.495 Großbottwar
11%
Ortenaukreis 5.775 Hausach
11%
Emmendingen 11.126 Herbolzheim
11%
Ortenaukreis 4.274 Hornberg
11%
Sigmaringen 8.426 Meßkirch
11%
Biberach 8.981 Ochsenhausen
11%
Rottweil 3.847 Schiltach
11%
Breisgau-Hochschwarzwald 8.187 Staufen im Breisgau
11%
Reutlingen 6.354 Trochtelfingen
11%
Main-Tauber-Kreis 7.358 Weikersheim
11%
Schwarzwald-Baar-Kreis 5.834 Bräunlingen
10%
Göppingen 10.627 Donzdorf
10%
Tuttlingen 6.286 Geisingen
10%
Ludwigsburg 14.799 Markgröningen
10%
Rhein-Neckar-Kreis 4.037 Neckarbischofsheim
10%
Calw 5.646 Neubulach
10%
Hohenlohekreis 6.607 Neuenstein
10%
Esslingen 6.260 Neuffen
10%
Karlsruhe 12.917 Östringen
10%
Rhein-Neckar-Kreis 8.756 Rauenberg
10%
Ortenaukreis 11.273 Rheinau
10%
Böblingen 10.912 Rutesheim
10%
Zollernalbkreis 4.687 Schömberg
10%
Rhein-Neckar-Kreis 4.404 Schönau
10%
Lörrach 2.415 Schönau im Schwarzwald
10%
Rhein-Neckar-Kreis 14.948 Schriesheim
10%
Esslingen 9.893 Aichtal
9%
Rottweil 6.039 Dornhan
9%
Rhein-Neckar-Kreis 15.268 Eppelheim
9%
Enzkreis 8.090 Knittlingen
9%
Karlsruhe 14.681 Kraichtal
9%
Alb-Donau-Kreis 5.384 Munderkingen
9%
Heilbronn 10.141 Neuenstadt am Köcher
9%
Waldshut 3.984 St. Blasien
9%
Waldshut 13.135 Wehr
9%
Göppingen 2.046 Wiesensteig
9%
Heilbronn 11.725 Leingarten
8%
Tuttlingen 3.615 Mühlheim an der Donau
8%
Schwarzwald-Baar-Kreis 3.858 Vöhrenbach
8%
Neckar-Odenwald-Kreis 5.053 Adelsheim
7%
Ludwigsburg 8.141 Bönnigheim
7%
Hohenlohekreis 5.062 Forchtenberg
7%
Main-Tauber-Kreis 3.727 Freudenberg
7%
Heilbronn 7.424 Gundelsheim
7%
Rhein-Neckar-Kreis 11.788 Hemsbach
7%
Schwäbisch Hall 6.682 Ilshofen
7%
Hohenlohekreis 5.491 Ingelfingen
7%
Lörrach 8.273 Kandern
7%
Rastatt 8.359 Kuppenheim
7%
Heilbronn 3.373 Löwenstein
7%
Ortenaukreis 7.381 Renchen
7%
Alb-Donau-Kreis 6.811 Schelklingen
7%
Konstanz 4.657 Tengen
7%
Breisgau-Hochschwarzwald 6.097 Vogtsburg im Kaiserstuhl
7%
Rhein-Neckar-Kreis 5.666 Waibstadt
7%
Heilbronn 6.241 Beilstein
6%
Heilbronn 6.396 Güglingen
6%
Sigmaringen 1.776 Hettingen
6%
Ostalbkreis 9.856 Heubach
6%
Hohenlohekreis 4.662 Krautheim
6%
Main-Tauber-Kreis 5.267 Külsheim
6%
Zollernalbkreis 10.671 Meßstetten
6%
Ostalbkreis 7.940 Neresheim
6%
Ostalbkreis 7.890 Oberkochen
6%
Schwäbisch Hall 5.819 Schrozberg
6%
Waldshut 5.372 Stühlingen
6%
Breisgau-Hochschwarzwald 2.817 Sulzburg
6%
Schwäbisch Hall 4.477 Vellberg
6%
Main-Tauber-Kreis 6.700 Boxberg
5%
Calw 5.848 Haiterbach
5%
Reutlingen 2.211 Hayingen
5%
Schwäbisch Hall 1.872 Langenburg
5%
Rastatt 5.013 Lichtenau
5%
Ortenaukreis 5.104 Mahlberg
5%
Heilbronn 5.305 Neudenau
5%
Main-Tauber-Kreis 4.774 Niederstetten
5%
Neckar-Odenwald-Kreis 2.905 Ravenstein
5%
Heilbronn 1.776 Widdern
5%
Alb-Donau-Kreis 6.764 Dietenheim
4%
Breisgau-Hochschwarzwald 6.354 Heitersheim
4%
Ostalbkreis 4.698 Lauchheim
4%
Waldshut 9.066 Laufenburg (Baden)
4%
Hohenlohekreis 4.091 Niedernhall
4%
Heidenheim 4.717 Niederstotzingen
4%
Ludwigsburg 3.297 Oberriexingen
4%
Zollernalbkreis 6.332 Rosenfeld
4%
Sigmaringen 2.123 Veringenstadt
4%
Tuttlingen 3.141 Fridingen an der Donau
3%
Main-Tauber-Kreis 3.601 Grünsfeld
3%
Sigmaringen 2.498 Scheer
3%
Göppingen 2.559 Lauterstein
2%
Keine übereinstimmenden Quizze gefunden
Verteilung der Resultate
Anzahl Personen mit jedem Resultat
Perzentil nach korrekt beantworteten Fragen
Ihre Resultats-Entwicklung
Sie haben dieses Quiz noch nicht gespielt